| 000 | 00688nam a2200253Ia 4500 | ||
|---|---|---|---|
| 003 | OSt | ||
| 005 | 20220918165932.0 | ||
| 006 | a|||||r|||| 00| 0 | ||
| 007 | ta | ||
| 008 | 220917b |||||||| |||| 00| 0 eng d | ||
| 020 | _a8185019592 | ||
| 024 | _a2,455 | ||
| 037 | _cTextual | ||
| 040 |
_aARTS _cARTS _beng |
||
| 041 |
_2eng _aeng |
||
| 082 | _aZ2,5(G:55)g, N8 | ||
| 100 |
_aKuldip Singh _926241 |
||
| 245 | 0 | _aHandbook of environment, forest and wildlife protection laws in India | |
| 260 |
_aDehra _bDun Natraj pub _c1998 |
||
| 300 |
_a467p _ccm. |
||
| 650 |
_aLAW _97240 |
||
| 942 |
_hZ2,5(G:55)g, N8 _cTEXL _2CC |
||
| 999 |
_c131819 _d131819 |
||